LEADER 01166nam--2200385---450- 001 990001899270203316 005 20050525140404.0 035 $a000189927 035 $aUSA01000189927 035 $a(ALEPH)000189927USA01 035 $a000189927 100 $a20040803d1955----km-y0itay0103----ba 101 0 $aita 102 $aIT 105 $a||||||||001yy 200 1 $a<> spirito come comportamento$fGilbert Ryle 205 $fed. italiana di Ferruccio Rossi-Landi 210 $aTorino$cEinaudi$d1955 215 $aLVII, 376 p.$din 8°, 22 cm 225 2 $aBiblioteca di cultura filosofica$v19 410 0$12001$aBiblioteca di cultura filosofica$v19 454 1$12001 461 1$1001-------$12001 700 1$aRYLE,$bGilbert$051132 702 1$aROSSI-LANDI,$bFerruccio 801 0$aIT$bsalbc$gISBD 912 $a990001899270203316 951 $aII.1.D. 828 (IV A 581)$b15802 L.M.$cIV A 951 $aII.1.D. 828a (IV A 582)$b15803 L.M.$cIV A 959 $aBK 969 $aUMA 979 $aSIAV1$b10$c20040803$lUSA01$h1258 979 $aCOPAT4$b90$c20050525$lUSA01$h1404 996 $aSpirito come comportamento$9270122 997 $aUNISA LEADER 01579nam0-2200409---450- 001 990000882100203316 005 20100726105437.0 010 $a88-14-06065-7 035 $a0088210 035 $aUSA010088210 035 $a(ALEPH)000088210USA01 035 $a0088210 100 $a20020117d1996----km-y0ITAy01------ba 101 $aita 102 $aIT 105 $a||||||||001yy 200 1 $aDalla querela alla portio legitima$easpetti della successione necessaria nell'epoca tardo imperiale e giustinianea$fAndrea Sanguinetti 210 $aMilano$cA. Giuffré$d1996 215 $a162 p.$d24 cm 225 $aPubblicazioni della Facoltà di giurisprudenza, Dipartimento di scienze giuridiche, Università di Modena$iN. S$v36. 410 1$12001$aPubblicazioni della Facoltà di giurisprudenza, Dipartimento di scienze giuridiche, Università di Modena$iN. S$v36 606 $aTestamento$xDiritto romano 606 $aSuccessione$xDiritto romano 676 $a340.54 700 1$aSANGUINETTI,$bAndrea$0238362 801 0$aIT$bsalbc$gISBD 912 $a990000882100203316 951 $aXXX.A. Coll. 111/ 34 (X 12 II 36)$b11786 G$cXXX.A. Coll. 111/ 34 (X 12 II)$d00274215 951 $aXXX.A. Coll. 111/ 34a (X 12 II 36)$b19030 G$cXXX.A. Coll. 111/ 34a (X 12 II)$d00274216 959 $aBK 969 $aGIU 979 $aPATTY$b90$c20020117$lUSA01$h1336 979 $c20020403$lUSA01$h1732 979 $aPATRY$b90$c20040406$lUSA01$h1701 979 $aRSIAV4$b90$c20100726$lUSA01$h1054 996 $aDalla querela alla portio legitima$9147318 997 $aUNISA